000 00996aam a2200325 4500
005 20210622102710.0
008 150616b xxu||||| |||| 00| 0 spa d
041 _aEspañol
082 _a378.171 P644e
100 _aPimienta Prieto, Julio Herminio
_918781
245 _aEstrategias de enseñanza-aprendizaje: docencia universitaria basada en competencias
260 _aMéxico
_bPearson
_c2012
300 _a192 páginas
650 _aEDUCACIÓN SUPERIOR
_98176
650 _aENSEÑANZA
_9236
650 _aESTRATEGIAS DOCENTES
_922985
650 _aAPRENDIZAJE
_960611
650 _aCOMPETENCIAS
_9525
650 _aORGANIZACIÓN DE LA INFORMACIÓN
_924670
650 _aDIAGRAMAS
_91513
650 _aMAPAS COGNITIVOS
_924671
650 _aESTRATEGIAS GRUPALES
_924672
650 _aDEBATE
_9496
650 _aSIMPOSIO
_96394
650 _aMESA REDONDA
_9367
650 _aSEMINARIO
_913090
650 _aTALLER
_960612
650 _aDESARROLLO DE COMPETENCIAS
_9519
942 _cBK
999 _c2884
_d2884